Match countries with definitions #1 Europe - Statistics

General Stats
  • This quiz has been taken 85 times
  • The average score is 16 of 21
Answer Stats
Hint Answer % Correct
Country where every meal is a masterpiece, hand gestures are an official language, and "mamma mia" is essential punctuation. Italy
89%
Land of tea at five o'clock, stoic royal guards, and unpredictable weather where even fog has charm. United Kingdom
88%
As flat as a pancake, with more bikes than people and windmills that overshadow tulips. Netherlands
86%
Where paella is a tradition, bullfights spark debate, and afternoons stretch under the sun with a well-deserved siesta. Spain
86%
The smallest country in the world, where faith reigns, Swiss Guards stand watch, and every street breathes the history of Christendom. Vatican
86%
Land of beer, fries, and chocolate, where linguistic quarrels are almost as important as the love of waffles. Belgium
84%
Island of fire and ice where geysers erupt, volcanoes rumble, and elves still have a place in people's hearts. Iceland
84%
Land of green hills, cozy pubs, Guinness, and where leprechaun legends dance under rainbows. Ireland
84%
Where Dracula and gothic castles share mountains with flocks of sheep, and history has a spicy taste. Romania
84%
A vast country where winter is eternal, and vodka is a universal remedy. Russia
84%
Land of endless forests, meatballs, ABBA, and flat-packed furniture that turn weekends into puzzles. Sweden
84%
Land of chocolate, watches, and banking secrecy. Here, even the mountains seem precisely organized. Switzerland
83%
A state where luxury is a religion, yachts float like palaces, and every square meter is a treasure of elegance. Monaco
77%
Country where fjords plunge into icy waters, salmon is a culinary star, and northern lights dance in the sky. Norway
73%
Country where classical music is alive, mountains surround you, and every resident has likely worn Tyrolean attire. Austria
72%
Country of crystal-clear lakes, silent forests, saunas, and where silence is a national virtue. Finland
72%
Where hygge (coziness) is a way of life, bikes have priority, and Lego is a national treasure. Denmark
70%
Land of deep forests, delicious pierogis, where Chopin is a national pride, and history has forged a resilient people. Poland
69%
Land of fado, pasteis de nata, and azulejos, with horizons of surfers and daring navigators. Portugal
69%
Small country where wealth sparkles, banks flourish, and forests are a haven of peace. Luxembourg
58%
Place where roses meet ancient monasteries, yogurt is an art, and traditions dance to mystical tunes. Bulgaria
42%
No matching quizzes found
Score Distribution
Percent of People with Each Score
Percentile by Number Answered
Your Score History
You have not taken this quiz